000 00562cam a22001933a 4500
001 40397
003 PGUSA
005 20140828083913.0
008 120803s2012||||xxu|||||s|||||000 | eng d
040 _aPGUSA
_beng
042 _adc
245 1 0 _aBlackwood's Edinburgh Magazine, Volume 65, No. 403, May, 1849
_h[electronic resource] /
_cVarious
260 _bProject Gutenberg,
_c2012
506 _aPublic domain in the USA.
516 _aElectronic text
830 0 _aProject Gutenberg
_v40397
856 4 0 _uhttp://www.gutenberg.org/ebooks/40397
942 _cEB
999 _c269650
_d269650